000 00713nam a2200241 a 4500
001 BRCA_2587
005 20190320203859.0
008 281108s1948----mx-a---###---#000-0#spa-u
041 _aspa
044 _amx
050 4 _aNE544
_b.R66 1948
100 1 _aRomero de Terreros, Manuel
_97388
245 1 0 _aGrabados y grabadores en la Nueva España
_cManuel Romero de Terreros.
260 _aMéxico
_bArte mexicano
_c1948
300 _a575 p.
_bil.
_c26 cm.
500 _aIncluye índice de ilustraciones y apéndices
500 _aEstado físico: Encuadernación desprendida
500 _aA53
650 1 4 _aGrabadores mexicanos
_97389
650 1 4 _aGrabado
_xHistoria
_91591
902 _aGFM
942 _2lcc
_cB
999 _c2327
_d2327